Statistics for FIFA World Cup (Men), Undefeated Countries by tournament

Click here to take the quiz!

General Stats

  • This quiz has been taken 117 times
    (28 since last reset)
  • The average score is 31 of 38

Answer Stats

YearPerformanceCountry% Correct
1986QFBrazil
100%
2002WinnerBrazil
100%
1958WinnerBrazil
100%
1962WinnerBrazil
100%
1970WinnerBrazil
100%
19783rdBrazil
100%
1994WinnerBrazil
100%
2006Runner UpFrance
100%
2018WinnerFrance
100%
1998WinnerFrance
100%
2014WinnerGermany
100%
2002QFSpain
100%
2018Last 16Spain
100%
1990WinnerWest Germany
100%
2006QFArgentina
96%
1986WinnerArgentina
96%
1950WinnerUruguay
96%
1930WinnerUruguay
96%
19903rdItaly
92%
1982WinnerItaly
92%
1934WinnerItaly
92%
1998QFItaly
92%
2006WinnerItaly
92%
1938WinnerItaly
92%
2006QFEngland
88%
19822nd Group StageEngland
88%
1966WinnerEngland
88%
2022QFNetherlands
84%
1998Group StageBelgium
72%
20143rdNetherlands
72%
1986QFMexico
60%
2006Last 16Switzerland
48%
2018Last 16Denmark
36%
2010Group StageNew-Zealand
36%
19741st Group StageScotland
36%
2014QFCosta Rica
28%
2002Last 16Ireland
28%
19821st Group StageCameroon
20%

Score Distribution

Percentile by Number Answered

Percent of People with Each Score

Your Score History

You have not taken this quiz since the last reset